Определение фильтрационно-ёмкостных параметров коллекторов: методические указания по выполнению практической работы по курсу "Подземная гидродинамика" для студентов специальностей 080500 и 090600 очной и заочной форм обучения
| Körperschaft: | |
|---|---|
| Weitere Verfasser: | , |
| Zusammenfassung: | Заглавие с титульного экрана Электронная версия печатной публикации Режим доступа: из сети НТБ ТПУ |
| Sprache: | Russisch |
| Veröffentlicht: |
Томск, Изд-во ТПУ, 2003
|
| Schlagworte: | |
| Online-Zugang: | http://www.lib.tpu.ru/fulltext3/mv/2007/mv76.pdf |
| Format: | Elektronisch Buch |
| KOHA link: | https://koha.lib.tpu.ru/cgi-bin/koha/opac-detail.pl?biblionumber=115811 |
MARC
| LEADER | 00000nlm0a2200000 4500 | ||
|---|---|---|---|
| 001 | 115811 | ||
| 005 | 20231225145614.0 | ||
| 035 | |a (RuTPU)RU\TPU\book\125279 | ||
| 090 | |a 115811 | ||
| 100 | |a 20070515d2003 k y0rusy50 ca | ||
| 101 | 0 | |a rus | |
| 102 | |a RU | ||
| 105 | |a y j 000zy | ||
| 135 | |a vrcn ---uucaa | ||
| 181 | 0 | |a i | |
| 182 | 0 | |a b | |
| 200 | 1 | |a Определение фильтрационно-ёмкостных параметров коллекторов |e методические указания по выполнению практической работы по курсу "Подземная гидродинамика" для студентов специальностей 080500 и 090600 очной и заочной форм обучения |f Томский политехнический университет; сост. Б. Б. Квеско; М. А. Гладких | |
| 203 | |a Текст |c электронный | ||
| 210 | |a Томск |c Изд-во ТПУ |d 2003 | ||
| 300 | |a Заглавие с титульного экрана | ||
| 300 | |a Электронная версия печатной публикации | ||
| 333 | |a Режим доступа: из сети НТБ ТПУ | ||
| 337 | |a Adobe Reader | ||
| 452 | 1 | |0 (RuTPU)RU\TPU\book\82885 |t Определение фильтрационно-ёмкостных параметров коллекторов |o методические указания по выполнению практической работы по курсу "Подземная гидродинамика" для студентов специальностей 080500 и 090600 очной и заочной форм обучения |f Томский политехнический университет; Сост. Б. Б. Квеско, М. А. Гладких |c Томск |n Изд-во ТПУ |d 2003 |p 8 с. | |
| 610 | 1 | |a подземная гидромеханика | |
| 610 | 1 | |a грунты | |
| 610 | 1 | |a горные породы | |
| 610 | 1 | |a пористые среды | |
| 610 | 1 | |a проницаемость | |
| 610 | 1 | |a практические работы | |
| 610 | 1 | |a учебные пособия | |
| 610 | 1 | |a труды учёных ТПУ | |
| 610 | 1 | |a электронный ресурс | |
| 675 | |a 622.234.5(076.5) |v 3 | ||
| 702 | 1 | |a Квеско |b Б. Б. |c геолог |c доцент Томского политехнического университета, кандидат физико-математических наук |f 1948- |g Бронислав Брониславович |3 (RuTPU)RU\TPU\pers\26264 |4 220 | |
| 702 | 1 | |a Гладких |b М. А. |c специалист в области нефтегазового дела |c старший преподаватель Томского политехнического университета |f 1964- |g Марина Алексеевна |3 (RuTPU)RU\TPU\pers\30407 |4 220 |9 14750 | |
| 712 | 0 | 2 | |a Томский политехнический университет |
| 801 | 1 | |a RU |b 63413507 |c 20070515 |g PSBO | |
| 801 | 2 | |a RU |b 63413507 |c 20210226 |g PSBO | |
| 856 | 4 | |u http://www.lib.tpu.ru/fulltext3/mv/2007/mv76.pdf | |
| 942 | |c CF | ||